000 00837nam a2200265 a 4500
001 000022347
003 DO-SdBNP
005 20240402094334.0
007 ta
008 100916s1996 dr 001 0 spa d
040 _aDO-SdBNP
_bspa
_cBNPHU
_erda
082 _a070.4
_bC697c
_222
100 1 _aCollado, Lipe,
_d1947-
_eautor
_979819
245 1 0 _aCómo redactar las noticias /
_cLipe Collado.
264 _aSanto Domingo :
_bCollado,
_c1996
300 _a63 paginas ;
_c21 cm.
336 _2rdaconrent
_atexto
_btxt
337 _2rdamedia
_asin mediación
_bn
338 _2rdacarrier
_avolumen
_bnc
505 2 _aDefiniciones y estructura de la noticia -- las 6 preguntas -- El lead -- Cómo redactar el cuerpo
590 _aInventariado, 2024/DG
650 4 _aPeriodismo
_xArte de escribir
_927
910 _aDG
942 _2ddc
_cLBS1
999 _c21845
_d21845